00357nam a2200121Ia 4500008004100000082001800041100001800059245004700077260002800124300001000152630001800162650005500180211109s9999||||xx |||||||||||||| ||und|| a541.39bGAR-R aGardiner, W C 0aRates And Mechanisms Of Chemical Reactions bBenjaminaNewyorkc1969 a284p. xGeneral Stack a Chemical kineticsvPhysical chemistryxChemistry